000
00316nam a22001457a 4500
008
210308b ||||| |||| 00| 0 eng d
020
_a
9781544368054
041
_a
eng
080
_a
316
082
_a
316
100
_a
50
101
_a
SOC
245
_a
Introduction to Sociology
_c
Newman, D.M
942
_2
udc
_c
BK
999
_c
55972
_d
55972